Wrestlemania Venues - Statistics

General Stats
  • This quiz has been taken 60 times
    49 since last reset
  • The average score is 11 of 35
Answer Stats
Hint Answer % Correct
WM 1 Madison Square Garden
95%
WM 32 AT& T Stadium
43%
WM 20 Madison Square Garden
43%
WM 30 Mercedes-Benz Superdome
43%
WM 3 Pontiac Silverdome
43%
WM 10 Madison Square Garden
41%
WM 21 STAPLES Center
41%
WM 23 Ford Field
39%
WM 18 Toronto Skydome
39%
WM 6 Toronto Skydome
36%
WM 4 Trump Plaza (Boardwalk Hall)
36%
WM 27 Georgia Dome
34%
WM 31 Levi's Stadium
34%
WM 29 MetLife Stadium
34%
WM 5 Trump Plaza
34%
WM 9 Caesars Palace
32%
WM 17 Reliant Astrodome
32%
WM 19 Safeco Field
32%
WM 8 Hoosier Dome
30%
WM 24 Citrus Bowl
27%
WM 2 Rosemont Horizon (Allstate Arena)
27%
WM 22 Allstate Arena
25%
WM 14 FleetCenter (TD Garden)
23%
WM 28 Sun Life Stadium
23%
WM 26 University of Phoenix Stadium
23%
WM 12 Arrowhead Pond (Honda Center)
20%
WM 16 Arrowhead Pond (Honda Center)
20%
WM 33 Citrus Bowl
20%
WM 25 Reliant Stadium
20%
WM 13 Rosemont Horizon (Allstate Arena)
20%
WM 11 Hartford Civic Center (XL Center)
18%
WM 15 First Union Center (Wells Fargo Center)
16%
WM 7 Los Angeles Sports Arena
16%
WM 2 Nassau Coliseum
16%
WM 2 Los Angeles Sports Arena
14%
No matching quizzes found
Score Distribution
Percent of People with Each Score
Percentile by Number Answered
Your Score History
You have not taken this quiz since the last reset